Código civil (Registro nro. 24930)

Detalles MARC
000 -Cabecera
Campo de control interno 00420nam a2200181Ia 4500
005 - Fecha y hora del registro
control field 20260414151116.0
008 - Elementos de Longitud Fija
fixed length control field 260414t2002||||xx |||||||||||||| ||spa||
041 ## - Idioma
Codigo Idioma ESP
082 ## - DEWEY y NOTACIÓN INTERNA
Dewey 346C4
Notación Interna T75
100 ## - AUTOR
Autor denominación Torres Vásquez, Aníbal
Término de relación autor
245 #0 - TÍTULO DE MATERIAL BIBLIOGRÁFICO
Título Código civil
Título paralelo
260 ## - CIUDAD, EDITORIAL, AÑO
Año 2002
300 ## - DESCRIPCIÓN
N° Páginas 1079 páginas :
Dimensiones 24 cm.
650 ## - TEMAS
Temas Derecho
654 ## - PROGRAMAS
Programa Dpto. de Derecho y Ciencia Política
942 ## - ELEMENTOS DE KOHA
Tipo de documento Libro
Nombre del creador Justo Noguera
Código de catalogador Justo Noguera
Esquema de clasificación Dewey Decimal Classification
Suppress in OPAC
Existencias
Codigo completo Registro Colección Copia número Disponibilidad Tipo de préstamo Biblioteca Actual Procedencia (Biblioteca) Ubicacón Fecha Ingreso Tipo de Adquisición Date last seen Total checkouts Price effective from Tipo de Item Estado del Material Damaged status Withdrawn status
346C4 T75 U0016965 Universidad Católica San Pablo 1 Disponible Disponible Víctor Andrés Belaunde Víctor Andrés Belaunde Primer piso 14/04/2026 Compra 14/04/2026   14/04/2026 Libro Bueno